000 01322cam a2200265 i 4500
001 3826
005 20240515134351.0
020 _a9780531223383 (pbk.)
040 _aDLC
_beng
_cDLC
_erda
_dDLC
050 0 0 _aQL467.T395
_b2014
082 0 0 _a595.4
100 1 _aTaylor-Butler, Christine
245 1 0 _aInsects and spiders /
_cChristine Taylor-Butler.
260 _aNew York :
_bScholastic ;
_c2014
300 _a48 pages :
_bcolor illustrations, color map ;
_c22 cm.
490 0 _aA True Book
505 _aU
520 _aThe animal kingdom is vast and varied, with millions of different species living today. Readers will learn about Earth's most recognizable animal groups, from creepy crawly insects to fierce jungle cats and massive sea creatures. Compelling text encourages readers to investigate further into interesting species Glossaries provide definitions of important vocabulary words Sidebars and timelines illustrate how these animals have grown and changed over time Additional content for further learning on this subject available at www.factsfornow.scholastic.com
521 1 _a830
_bLexile
521 2 _aU
_bRaz-Plus
650 0 _aInsects
_vJuvenile literature.
650 0 _aSpiders
_vJuvenile literature.
906 _a7
_bcbc
_corignew
_d1
_eecip
_f20
_gy-gencatlg
942 _2ddc
_cBK
_n0
999 _c3826
_d3826